[Event "22nd European Teams"]
[Site "Batumi GEO"]
[Date "2019.10.31"]
[Round "7.16"]
[Board "4"]
[White "Bjerre, Jonas Buhl"]
[Black "Hamitevici, Vladimir"]
[Result "1/2-1/2"]
[WhiteTitle "IM"]
[BlackTitle "GM"]
[WhiteElo "2506"]
[BlackElo "2472"]
[WhiteTeam "Denmark"]
[BlackTeam "Moldova"]
[WhiteFideId "1444948"]
[BlackFideId "13902393"]
[EventDate "2019.10.24"]

1. e4 c6 2. d4 d5 3. Nc3 dxe4 4. Nxe4 Bf5 5. Ng3 Bg6 6. h4 h6 7. Nf3 Nd7 8. h5
Bh7 9. Bd3 Bxd3 10. Qxd3 Ngf6 11. Bd2 e6 12. O-O-O a5 13. Kb1 Bb4 14. Bc1 a4 15.
a3 Be7 16. Ne4 Qa5 17. Nxf6+ Bxf6 18. Bd2 Qa6 19. Qe4 Qb5 20. Bb4 O-O-O 21. Rc1
Qc4 22. Rhe1 Nb6 23. Ne5 Bxe5 24. dxe5 Rd4 25. Qf3 Rf4 26. Qg3 Rg4 27. Qf3 Rf4
28. Qg3 Rg4 29. Qf3 Rf4 1/2-1/2

[Event "22nd European Teams"]
[Site "Batumi GEO"]
[Date "2019.10.31"]
[Round "7.17"]
[Board "1"]
[White "Pechac, Jergus"]
[Black "Tutisani, Noe"]
[Result "0-1"]
[WhiteTitle "GM"]
[BlackTitle "IM"]
[WhiteElo "2491"]
[BlackElo "2412"]
[WhiteTeam "Slovakia"]
[BlackTeam "Georgia 2"]
[WhiteFideId "14926970"]
[BlackFideId "13602853"]
[EventDate "2019.10.24"]

1. d4 Nf6 2. c4 g6 3. Nc3 d5 4. Bg5 Ne4 5. Bh4 c5 6. cxd5 Nxc3 7. bxc3 Qxd5 8.
e3 Nc6 9. Be2 cxd4 10. cxd4 e5 11. Nf3 Bb4+ 12. Kf1 exd4 13. Nxd4 Nxd4 14. Qa4+
Nc6 15. Rd1 Qa5 16. Rd8+ Qxd8 17. Bxd8 Kxd8 18. Bf3 Bd6 19. Ke2 Bd7 20. Qb3 Ke7
21. Rd1 Rhd8 22. h4 Rac8 23. h5 Nb4 24. Bxb7 Bg4+ 25. f3 Be6 26. Qa4 Rc2+ 27.
Kf1 Bc4+ 0-1

[Event "22nd European Teams"]
[Site "Batumi GEO"]
[Date "2019.10.31"]
[Round "7.17"]
[Board "2"]
[White "Petriashvili, Nikoloz"]
[Black "Ftacnik, Lubomir"]
[Result "0-1"]
[WhiteTitle "IM"]
[BlackTitle "GM"]
[WhiteElo "2441"]
[BlackElo "2520"]
[WhiteTeam "Georgia 2"]
[BlackTeam "Slovakia"]
[WhiteFideId "13611216"]
[BlackFideId "14900017"]
[EventDate "2019.10.24"]

1. c4 c5 2. g3 Nf6 3. Bg2 e6 4. Nf3 Nc6 5. O-O d5 6. d4 Be7 7. Nc3 O-O 8. cxd5
exd5 9. b3 Ne4 10. Bb2 Bf6 11. Na4 b6 12. Rc1 Ba6 13. dxc5 Bxb2 14. Nxb2 bxc5
15. Nd3 Re8 16. Nd2 Nd4 17. Re1 Qa5 18. Nxe4 dxe4 19. Nxc5 Rad8 20. Nxa6 Qxa6
21. a4 Qb6 22. a5 Qxa5 23. Ra1 Qb6 24. Qb1 e3 25. f4 Nxb3 26. Ra3 Nd4 27. Qxb6
axb6 28. Rc3 b5 29. Kf1 b4 30. Rd3 Nc2 31. Red1 Rxd3 32. Rxd3 Kf8 33. Rd7 g6 34.
Rc7 Rd8 35. Bd5 Rxd5 36. Rxc2 Rb5 37. Rc1 b3 38. Ke1 Ke7 39. Ra1 Ke6 40. Kd1 b2
41. Rb1 Rd5+ 42. Kc2 Rd2+ 43. Kc3 Rxe2 44. Kd3 Rxh2 45. Kxe3 Kd5 0-1

[Event "22nd European Teams"]
[Site "Batumi GEO"]
[Date "2019.10.31"]
[Round "7.17"]
[Board "3"]
[White "Jurcik, Marian"]
[Black "Sibashvili, Giorgi"]
[Result "1/2-1/2"]
[WhiteTitle "GM"]
[BlackTitle "IM"]
[WhiteElo "2486"]
[BlackElo "2382"]
[WhiteTeam "Slovakia"]
[BlackTeam "Georgia 2"]
[WhiteFideId "14907518"]
[BlackFideId "13602799"]
[EventDate "2019.10.24"]

1. e4 e5 2. Nf3 Nc6 3. Bb5 Nf6 4. d3 d6 5. O-O Bd7 6. Re1 a6 7. Bxc6 Bxc6 8. c4
Be7 9. Nc3 O-O 10. d4 exd4 11. Nxd4 Nd7 12. Nxc6 bxc6 13. Qa4 c5 14. Nd5 Ne5 15.
Bd2 Bh4 16. Qc2 c6 17. Ne3 Qg5 18. Rf1 Nf3+ 19. Kh1 Nxd2 20. Qxd2 Qe5 21. Nf5
Bf6 22. Qxd6 Qxd6 23. Nxd6 Bxb2 24. Rab1 Rab8 25. f4 f6 26. g3 g6 27. Rf2 Bd4
28. Rxb8 Rxb8 29. Re2 Kf8 30. e5 fxe5 31. fxe5 Ke7 32. Kg2 Ke6 33. Kf3 Rb4 34.
Rc2 Kxe5 35. Nf7+ Ke6 36. Ng5+ Kf5 37. Nxh7 g5 38. g4+ Kg6 39. Nf8+ Kf7 40. Nh7
Kg6 41. Nf8+ Kf7 42. Nh7 Kg6 1/2-1/2

[Event "22nd European Teams"]
[Site "Batumi GEO"]
[Date "2019.10.31"]
[Round "7.17"]
[Board "4"]
[White "Oboladze, Luka"]
[Black "Mazur, Stefan"]
[Result "1-0"]
[WhiteTitle "FM"]
[BlackTitle "IM"]
[WhiteElo "2336"]
[BlackElo "2435"]
[WhiteTeam "Georgia 2"]
[BlackTeam "Slovakia"]
[WhiteFideId "13608207"]
[BlackFideId "14909332"]
[EventDate "2019.10.24"]

1. e4 e5 2. Nf3 Nc6 3. Bb5 a6 4. Ba4 Nf6 5. O-O Bc5 6. c3 O-O 7. d4 Ba7 8. dxe5
Nxe4 9. Qd5 Nc5 10. Bc2 Ne7 11. Qd1 d5 12. exd6 Qxd6 13. Qxd6 cxd6 14. Bf4 Bf5
15. Na3 Bxc2 16. Nxc2 Nd3 17. Bxd6 Rfe8 18. Ba3 Nc6 19. Rad1 Rad8 20. Rd2 f6 21.
Ncd4 Nxd4 22. cxd4 Bxd4 23. Rxd3 Bxf2+ 24. Kxf2 Rxd3 25. Rc1 Rd7 26. Bb4 Kf7 27.
Rc4 g5 28. a4 Kg6 29. Bc3 Ree7 30. a5 Rc7 31. Rb4 Rc5 32. Rb6 Rc6 33. Rxc6 bxc6
34. Bd4 Kf5 35. b4 Rb7 36. Bb6 Ke4 37. Nd4 Kd5 38. Nb3 Rb8 39. Nc5 Ra8 40. g4
Kc4 41. Ne6 Kxb4 42. Nc7 Rh8 43. Nxa6+ Kc4 44. Nc7 Rb8 45. a6 Rxb6 46. a7 Rb2+
47. Ke3 Ra2 48. a8=Q Rxa8 49. Nxa8 Kd5 50. Nb6+ Ke5 51. Nc4+ Kd5 52. Kd3 c5 53.
Ne3+ Ke5 54. h3 h6 55. Kc4 Kf4 56. Nd5+ Ke5 57. Ne7 h5 58. gxh5 f5 59. h6 Kf6
60. Nxf5 1-0

[Event "22nd European Teams"]
[Site "Batumi GEO"]
[Date "2019.10.31"]
[Round "7.18"]
[Board "1"]
[White "Stefansson, Hannes"]
[Black "Pultinevicius, Paulius"]
[Result "1/2-1/2"]
[WhiteTitle "GM"]
[BlackTitle "IM"]
[WhiteElo "2541"]
[BlackElo "2503"]
[WhiteTeam "Iceland"]
[BlackTeam "Lithuania"]
[WhiteFideId "2300087"]
[BlackFideId "12809390"]
[EventDate "2019.10.24"]

1. e4 c6 2. d4 d5 3. e5 Bf5 4. Nd2 e6 5. Nb3 Nd7 6. Nf3 Bg6 7. Be2 Ne7 8. O-O c5
9. Nxc5 Nxc5 10. dxc5 Qa5 11. Nd4 Nc6 12. Be3 Nxe5 13. Bb5+ Nc6 14. c4 dxc4 15.
Qf3 Rc8 16. Nxc6 Qxb5 17. Nxa7 Qd7 18. Rfd1 Bd3 19. Nxc8 Qxc8 20. Qg3 f6 21. b3
Bc2 22. Rdc1 Bd3 23. bxc4 Be4 24. Re1 Bc6 25. Qh3 h5 26. Bf4 Bxc5 27. Qxe6+ Qxe6
28. Rxe6+ Kf7 29. Ree1 Ra8 30. a4 Rxa4 31. Rxa4 Bxa4 32. h4 Bc6 33. Be3 Be7 34.
c5 g5 35. hxg5 fxg5 36. Bd4 Bd8 37. f3 h4 38. Re5 Be7 39. Kf2 Bd8 40. Rf5+ Ke6
41. Rf8 Be7 42. Rg8 Kf5 43. Rg7 Bd8 44. Ke3 Ke6 45. Rh7 Be7 46. Kd2 Bd8 47. Be3
Bf6 48. Bf2 Kf5 49. Ke2 Be5 50. Be3 Kg6 51. Re7 Bf6 52. Re6 Kf5 53. Rd6 Be5 54.
Rd8 Bf6 55. Rf8 Kg6 56. Kf2 Be7 57. Rg8+ Kf7 58. Rc8 Bf6 59. Ra8 Ke6 60. Ra2 Kf5
61. Rc2 Be5 62. Rc4 Bf6 63. Rg4 Be7 64. Rb4 Bf6 65. g3 hxg3+ 66. Kxg3 Be5+ 67.
Kf2 Bc7 68. Rb1 g4 69. fxg4+ Kxg4 70. Rb4+ Kf5 71. Ke2 Ba5 72. Rh4 Bd8 73. Rf4+
Ke5 74. Rf8 Be7 75. Rf7 Ke6 76. Rh7 Bf6 77. Kd3 Bb5+ 78. Kc2 Ba4+ 79. Kb1 Bc6
80. Ka2 Bd8 81. Kb3 Ba5 82. Kc4 Be1 83. Rh6+ Kf5 84. Bd4 Ba5 85. Rh7 Ke6 86. Bc3
Bd8 87. Kb4 Kd5 88. Rh8 Be7 89. Rh5+ Ke6 90. Kc4 Bd8 91. Rh6+ Kf5 92. Be1 Bc7
93. Kb4 Bf4 94. Rh3 Ke6 95. Rh4 Bg5 96. Rh5 Be7 97. Bh4 Bf8 98. Ka5 Bg7 99. Bf2
Be5 100. Kb6 Bf4 101. Rh7 Be5 102. Be3 Kd5 103. Rh5 Ke6 104. Ka7 Bg3 105. Rh7
Kd5 106. Rxb7 Bxb7 107. Kxb7 Be5 108. c6 Bd6 109. Bb6 Kc4 110. Bc7 Be7 111. Kb6
Bg5 112. Bd6 Bd8+ 113. Bc7 Bg5 114. Kb7 Kb5 115. Bg3 Bd8 1/2-1/2

[Event "22nd European Teams"]
[Site "Batumi GEO"]
[Date "2019.10.31"]
[Round "7.18"]
[Board "2"]
[White "Laurusas, Tomas"]
[Black "Kjartansson, Gudmundur"]
[Result "0-1"]
[WhiteTitle "IM"]
[BlackTitle "IM"]
[WhiteElo "2501"]
[BlackElo "2459"]
[WhiteTeam "Lithuania"]
[BlackTeam "Iceland"]
[WhiteFideId "12803731"]
[BlackFideId "2301318"]
[EventDate "2019.10.24"]

1. d4 d5 2. c4 e6 3. Nf3 Nf6 4. Nc3 c6 5. Bg5 dxc4 6. e4 b5 7. e5 h6 8. Bxf6
gxf6 9. a4 a6 10. g3 Bb7 11. Bg2 f5 12. O-O Nd7 13. Nd2 Qb6 14. b3 Qxd4 15. axb5
axb5 16. Rxa8+ Bxa8 17. Qa1 Bb7 18. Rd1 Bc5 19. bxc4 Qxf2+ 20. Kh1 b4 21. Nb5
cxb5 22. Bxb7 O-O 23. Nf3 Nb6 24. cxb5 Rb8 25. Bc6 Nc4 26. Rf1 Qe3 27. Re1 Qc3
28. Qc1 Be3 29. Qxc3 bxc3 30. Re2 Bd2 31. Nd4 Na3 32. Kg2 Nxb5 33. Nb3 Na7 34.
Ba4 Rb4 35. Nxd2 Rxa4 36. Nb1 Nb5 37. Rc2 Rb4 38. Rc1 Rb2+ 39. Kf3 Nd4+ 40. Ke3
Nb3 0-1

[Event "22nd European Teams"]
[Site "Batumi GEO"]
[Date "2019.10.31"]
[Round "7.18"]
[Board "3"]
[White "Thorfinnsson, Bragi"]
[Black "Brazdzionis, Andrius"]
[Result "1/2-1/2"]
[WhiteTitle "GM"]
[WhiteElo "2436"]
[BlackElo "2355"]
[WhiteTeam "Iceland"]
[BlackTeam "Lithuania"]
[WhiteFideId "2300958"]
[BlackFideId "12804479"]
[EventDate "2019.10.24"]

1. e4 c5 2. Nf3 d6 3. c3 Nf6 4. Be2 g6 5. O-O Bg7 6. Bb5+ Nc6 7. d4 cxd4 8. cxd4
O-O 9. Nc3 Bg4 10. Be3 Nd7 11. Bxc6 bxc6 12. Rc1 Rc8 13. h3 Bxf3 14. Qxf3 c5 15.
dxc5 Nxc5 16. Rfd1 Qd7 17. Bd4 Bh6 18. Nd5 Qe6 19. Be3 Bxe3 20. Qxe3 a5 21. e5
Rfe8 22. Rc4 Kg7 23. exd6 Qxe3 24. Nxe3 exd6 25. Rxd6 Ne4 26. Rdd4 Rxc4 27. Nxc4
a4 28. Nb6 a3 29. bxa3 Nc3 30. Rc4 Re1+ 31. Kh2 Nb1 32. Rc2 Nxa3 33. Rb2 h5 34.
h4 Rd1 35. f3 Rc1 36. Kg3 Nc4 37. Nxc4 Rxc4 38. a3 Ra4 39. Rb3 Kf6 40. Kh3 Kg7
41. g3 f6 42. f4 g5 43. hxg5 fxg5 44. fxg5 Kg6 45. Kg2 Kxg5 46. Kf2 h4 47. gxh4+
Rxh4 48. Rf3 Re4 49. Rb3 Kf5 50. Kf3 Rh4 51. Rb5+ 1/2-1/2

[Event "22nd European Teams"]
[Site "Batumi GEO"]
[Date "2019.10.31"]
[Round "7.18"]
[Board "4"]
[White "Klabis, Rokas"]
[Black "Gretarsson, Helgi Ass"]
[Result "1/2-1/2"]
[WhiteTitle "FM"]
[BlackTitle "GM"]
[WhiteElo "2321"]
[BlackElo "2410"]
[WhiteTeam "Lithuania"]
[BlackTeam "Iceland"]
[WhiteFideId "12805246"]
[BlackFideId "2300699"]
[EventDate "2019.10.24"]

1. e4 Nf6 2. e5 Nd5 3. d4 d6 4. Nf3 g6 5. Bb5+ c6 6. Be2 dxe5 7. Nxe5 Nd7 8. f4
Bg7 9. O-O O-O 10. c4 Nc7 11. Nc3 c5 12. Nf3 cxd4 13. Nxd4 e5 14. Nf3 Ne6 15.
fxe5 Nxe5 16. Nd5 Bd7 17. Nxe5 Bxe5 18. Bf3 Bc6 19. g3 b5 20. Bh6 Re8 21. Ne3
Qb6 22. Bxc6 Qxc6 23. cxb5 Qxb5 24. a4 Qxb2 25. Qd7 f5 26. Rad1 Rad8 27. Qc6 Qb6
28. Qxb6 axb6 29. Nc4 Bd4+ 30. Be3 Bxe3+ 31. Nxe3 Nd4 32. Nc4 Re2 33. Kh1 Kg7
34. Rd3 Ra2 35. Nxb6 Rb8 36. a5 Nc6 37. Nc4 Nxa5 38. Rd7+ Kh6 39. Ra7 Rb5 40. h3
Rc5 41. Rxa5 Rcxa5 42. Nxa5 Rxa5 43. Kg2 Ra2+ 44. Kf3 Kh5 45. h4 Ra4 46. Rb1 h6
47. Rb5 Re4 48. Ra5 Rb4 49. Rc5 Ra4 50. Rb5 Ra3+ 51. Kg2 Ra2+ 52. Kf3 Ra3+ 53.
Kg2 Ra2+ 54. Kf3 g5 55. hxg5 hxg5 56. Rxf5 Ra3+ 57. Kg2 Kg4 58. Rb5 Rxg3+ 59.
Kh2 Rh3+ 60. Kg2 Rg3+ 61. Kh2 Rc3 62. Kg2 Rc2+ 63. Kg1 Kh4 64. Rb4+ g4 65. Rb3
Ra2 1/2-1/2

[Event "22nd European Teams"]
[Site "Batumi GEO"]
[Date "2019.10.31"]
[Round "7.19"]
[Board "1"]
[White "Olson, Hamish"]
[Black "Djukic, Nikola"]
[Result "0-1"]
[WhiteTitle "FM"]
[BlackTitle "GM"]
[WhiteElo "2288"]
[BlackElo "2517"]
[WhiteTeam "Scotland"]
[BlackTeam "Montenegro"]
[WhiteFideId "2404257"]
[BlackFideId "922412"]
[EventDate "2019.10.24"]

1. d4 Nf6 2. Nf3 g6 3. Nbd2 d5 4. e3 Bg7 5. b4 O-O 6. Bb2 c6 7. c4 a5 8. b5 a4
9. Ba3 Bf5 10. Rc1 cxb5 11. cxb5 Qa5 12. Bxe7 Ne4 13. Bxf8 Bxf8 14. Be2 Nc3 15.
Rxc3 Qxc3 16. O-O Nd7 17. Ne5 Nxe5 18. dxe5 Qxe5 19. Nf3 Qb2 20. Nd4 Qxa2 21.
Nxf5 gxf5 22. Bf3 Rd8 23. Qc1 Qc4 24. Qb1 a3 25. Qxf5 Bg7 26. Qg5 Rd7 27. e4
dxe4 28. Rc1 exf3 29. gxf3 h6 30. Qe3 Qd3 0-1

[Event "22nd European Teams"]
[Site "Batumi GEO"]
[Date "2019.10.31"]
[Round "7.19"]
[Board "2"]
[White "Blagojevic, Dragisa"]
[Black "Morrison, Graham SCO"]
[Result "1/2-1/2"]
[WhiteTitle "GM"]
[BlackTitle "FM"]
[WhiteElo "2500"]
[BlackElo "2262"]
[WhiteTeam "Montenegro"]
[BlackTeam "Scotland"]
[WhiteFideId "900885"]
[BlackFideId "2400090"]
[EventDate "2019.10.24"]

1. d4 Nf6 2. c4 e6 3. Nf3 b6 4. g3 Ba6 5. b3 Bb7 6. Bg2 Bb4+ 7. Bd2 a5 8. O-O
O-O 9. Qc2 d6 10. Nc3 Nbd7 11. Rfe1 Bxc3 12. Bxc3 Be4 13. Qc1 c6 14. Qf4 Qb8 15.
Bf1 d5 16. Ne5 Nxe5 17. dxe5 Nd7 18. f3 Bg6 19. cxd5 cxd5 20. Qd4 Rd8 21. Rac1
b5 22. f4 Be4 23. Bd2 Qb7 24. Be3 Rdc8 25. Qb2 b4 26. Rxc8+ Rxc8 27. Rc1 Rxc1
28. Qxc1 f6 29. exf6 gxf6 30. Kf2 Kf7 31. a3 bxa3 32. Qxa3 Bc2 33. Qxa5 Bxb3 34.
Qd8 Bc2 35. Bh3 Qc6 36. Bd4 Qa4 37. Kf1 Be4 38. Bf2 d4 39. Bg4 d3 40. exd3 Bxd3+
41. Kg2 Qc6+ 42. Bf3 1/2-1/2

[Event "22nd European Teams"]
[Site "Batumi GEO"]
[Date "2019.10.31"]
[Round "7.19"]
[Board "3"]
[White "Abdulla, Murad"]
[Black "Kosic, Dragan"]
[Result "1/2-1/2"]
[WhiteTitle "FM"]
[BlackTitle "GM"]
[WhiteElo "2263"]
[BlackElo "2478"]
[WhiteTeam "Scotland"]
[BlackTeam "Montenegro"]
[WhiteFideId "2403757"]
[BlackFideId "900290"]
[EventDate "2019.10.24"]

1. e4 e6 2. d4 d5 3. Nd2 dxe4 4. Nxe4 Nd7 5. Nf3 Ngf6 6. Nxf6+ Nxf6 7. c3 Bd6 8.
Bd3 b6 9. O-O Bb7 10. Qe2 O-O 11. Bg5 h6 12. Bh4 c5 13. dxc5 Bxc5 14. Rad1 Qc7
15. Ne5 Rfd8 16. Bg3 Bd6 17. Rfe1 Rac8 18. Bb5 Ne4 19. Nf3 Bxg3 20. hxg3 Qc5 21.
Nd4 a5 22. Bd3 Nf6 23. Ba6 Bxa6 24. Qxa6 Rd5 25. Nb3 Qc6 26. Rxd5 Nxd5 27. Nd4
Qc4 28. Qxc4 Rxc4 29. Kf1 a4 30. Nc2 Kf8 31. Ke2 Rc5 32. Kd3 b5 33. Nd4 Ke7 34.
Nc2 Kd6 35. Na3 e5 36. f3 f5 37. Rd1 Kc6 38. Re1 Nb6 39. Nc2 Kd6 40. Ne3 g6 41.
g4 f4 42. Nf1 Ke6 43. Nd2 Kf7 44. Re4 h5 45. gxh5 gxh5 46. b3 axb3 47. axb3 Ke6
48. c4 bxc4+ 49. Nxc4 Rb5 50. Kc2 Nd7 51. Na3 Rb8 52. Nc4 Ra8 53. Re1 Ra2+ 54.
Nb2 Nc5 55. Rd1 h4 56. Kc3 Nd7 57. Rh1 Nb6 58. Rxh4 Nd5+ 59. Kc2 Ne3+ 60. Kc3
Nd5+ 61. Kc2 Ne3+ 62. Kc3 Nd5+ 1/2-1/2

[Event "22nd European Teams"]
[Site "Batumi GEO"]
[Date "2019.10.31"]
[Round "7.19"]
[Board "4"]
[White "Draskovic, Luka"]
[Black "Muir, Andrew J"]
[Result "1/2-1/2"]
[WhiteTitle "IM"]
[BlackTitle "IM"]
[WhiteElo "2460"]
[BlackElo "2271"]
[WhiteTeam "Montenegro"]
[BlackTeam "Scotland"]
[WhiteFideId "944335"]
[BlackFideId "2400138"]
[EventDate "2019.10.24"]

1. e4 c5 2. Nf3 Nc6 3. d4 cxd4 4. Nxd4 Nf6 5. Nc3 d6 6. Bg5 e6 7. Qd2 Be7 8.
O-O-O O-O 9. f4 Nxd4 10. Qxd4 Qa5 11. Be2 h6 12. h4 e5 13. Qe3 exf4 14. Bxf4 Be6
15. a3 Rac8 16. Bxd6 Bxd6 17. Rxd6 Rc5 18. Rhd1 Rfc8 19. Rd8+ Rxd8 20. Rxd8+
Qxd8 21. Qxc5 b6 22. Qe3 Nd7 23. g3 Qb8 24. Nb5 a5 25. Qf4 Ne5 26. Qd2 Kf8 27.
Qd6+ Qxd6 28. Nxd6 Ke7 29. Nb5 Bc4 30. Nc3 Bxe2 31. Nxe2 Nc4 32. b3 Nd6 33. Nc3
Ke6 34. Kd2 Ke5 35. Kd3 b5 36. b4 a4 37. g4 g5 38. hxg5 hxg5 39. Nd5 Nxe4 40.
Nc7 Nf2+ 41. Ke2 Nxg4 42. Nxb5 f5 43. c4 Nf6 44. c5 Nd5 45. Nd6 f4 46. Kf3 Ne3
47. Nf7+ Kd5 48. Nxg5 Nc4 49. Ne4 Nxa3 50. Nc3+ Kc6 51. Nxa4 Nc2 52. Kxf4 Nxb4
53. Kf3 Na6 54. Ke3 Nxc5 55. Nxc5 Kxc5 1/2-1/2

[Event "22nd European Teams"]
[Site "Batumi GEO"]
[Date "2019.10.31"]
[Round "7.20"]
[Board "1"]
[White "Saraci, Nderim"]
[Black "Mehmeti, Dritan"]
[Result "1-0"]
[WhiteTitle "IM"]
[BlackTitle "IM"]
[WhiteElo "2396"]
[BlackElo "2359"]
[WhiteTeam "Kosovo"]
[BlackTeam "Albania"]
[WhiteFideId "6351921"]
[BlackFideId "4700600"]
[EventDate "2019.10.24"]

1. e4 c5 2. Nf3 d6 3. Bb5+ Nd7 4. O-O a6 5. Bxd7+ Bxd7 6. d4 cxd4 7. Qxd4 e5 8.
Qd3 Be7 9. Nc3 Rc8 10. Rd1 Be6 11. Be3 h6 12. Nd5 Bxd5 13. Qxd5 Qc7 14. Ne1 Nf6
15. Qd3 O-O 16. Rac1 b5 17. c3 Rfe8 18. Nc2 Qb7 19. f3 d5 20. exd5 Rcd8 21. Bf2
Rxd5 22. Qe2 e4 23. Bd4 Bc5 24. Bxc5 Rxc5 25. Nd4 e3 26. Nc2 Rd5 27. Rd3 Rxd3
28. Qxd3 Nd5 29. Qd4 e2 30. Re1 g5 31. g3 Qc6 32. Kf2 Qe6 33. Qd3 Qh3 34. Kg1
Qe6 35. Nd4 Qf6 36. Rxe2 Rxe2 37. Nxe2 Qe5 38. Kf2 Nf6 39. Nd4 Qd6 40. Qf5 b4
41. Qc8+ Kh7 42. Qb7 Kg6 43. Qxb4 Qe5 44. Qc4 1-0

[Event "22nd European Teams"]
[Site "Batumi GEO"]
[Date "2019.10.31"]
[Round "7.20"]
[Board "2"]
[White "Ashiku, Franc"]
[Black "Makolli, Perparim"]
[Result "1-0"]
[WhiteTitle "FM"]
[BlackTitle "FM"]
[WhiteElo "2424"]
[BlackElo "2241"]
[WhiteTeam "Albania"]
[BlackTeam "Kosovo"]
[WhiteFideId "4700066"]
[BlackFideId "908630"]
[EventDate "2019.10.24"]

1. c4 e6 2. Nf3 Nf6 3. g3 d5 4. Bg2 Be7 5. O-O O-O 6. d3 c5 7. e3 Nc6 8. Nc3 a6
9. Qe2 Rb8 10. b3 b5 11. Bb2 Qb6 12. Rac1 Bb7 13. Rfd1 Rfd8 14. Ba1 Rbc8 15. h3
d4 16. exd4 Nxd4 17. Nxd4 cxd4 18. Ne4 Nxe4 19. Bxe4 Bxe4 20. Qxe4 b4 21. Re1
Bf6 22. Bb2 a5 23. Rb1 Ra8 24. a4 bxa3 25. Bxa3 Qc7 26. Bc1 Be7 27. Bf4 Bd6 28.
Be5 Bxe5 29. Qxe5 Qxe5 30. Rxe5 g6 31. Ra1 Rdb8 32. Ra3 Rb4 33. Kg2 Rab8 34. Kf3
Rxb3 35. Rexa5 Rb2 36. Ra8 Rxa8 37. Rxa8+ Kg7 38. Rd8 e5 39. Ke4 Re2+ 40. Kd5 f6
41. c5 Rc2 42. f3 f5 43. Re8 Rc3 44. c6 Kf7 45. Rxe5 Rxd3 46. c7 Rc3 47. Kd6 d3
48. Kd7 1-0

[Event "22nd European Teams"]
[Site "Batumi GEO"]
[Date "2019.10.31"]
[Round "7.20"]
[Board "3"]
[White "Uruci, Endrit"]
[Black "Pasko, Llambi"]
[Result "1/2-1/2"]
[BlackTitle "IM"]
[WhiteElo "2237"]
[BlackElo "2443"]
[WhiteTeam "Kosovo"]
[BlackTeam "Albania"]
[WhiteFideId "22100199"]
[BlackFideId "4701178"]
[EventDate "2019.10.24"]

1. e4 c6 2. Nf3 d5 3. exd5 cxd5 4. Ne5 Nc6 5. d4 Nf6 6. Bb5 Bd7 7. Nxd7 Qxd7 8.
c3 a6 9. Bd3 g6 10. O-O Bg7 11. Qe2 O-O 12. Nd2 Rfe8 13. f4 e6 14. Nf3 Qd6 15.
Bd2 Nd7 16. Rae1 f5 17. Ne5 Nf6 18. g4 Ne4 19. Bxe4 fxe4 20. Kg2 Rf8 21. h4 Qe7
22. Rh1 Bxe5 23. dxe5 Rf7 24. Be3 Qc7 25. Ref1 Rd8 26. Qf2 Nxe5 27. Bb6 Qd7 28.
Bxd8 Qxd8 29. fxe5 Rxf2+ 30. Rxf2 e3 31. Rf4 Qb6 32. b3 Qc7 33. Rhf1 g5 34. Rf8+
Kg7 35. R8f7+ Qxf7 36. Rxf7+ Kxf7 37. h5 1/2-1/2

[Event "22nd European Teams"]
[Site "Batumi GEO"]
[Date "2019.10.31"]
[Round "7.20"]
[Board "4"]
[White "Seitaj, Ilir"]
[Black "Idrizaj, Abedin"]
[Result "0-1"]
[WhiteTitle "IM"]
[WhiteElo "2346"]
[BlackElo "2231"]
[WhiteTeam "Albania"]
[BlackTeam "Kosovo"]
[WhiteFideId "4700031"]
[BlackFideId "4672046"]
[EventDate "2019.10.24"]

1. e4 c5 2. Nf3 d6 3. d4 cxd4 4. Nxd4 Nf6 5. Nc3 g6 6. Be2 Bg7 7. Nb3 Nc6 8. O-O
O-O 9. Re1 Bd7 10. Bf1 Rc8 11. Bg5 h6 12. Bh4 Re8 13. Nd5 Nh7 14. c3 Ne5 15. Nd2
b5 16. f4 Nc4 17. Nxc4 bxc4 18. Qd2 Be6 19. Ne3 Qd7 20. f5 gxf5 21. exf5 Bxf5
22. Bxc4 Bg6 23. Bd3 e6 24. Rad1 Bxd3 25. Qxd3 Qa4 26. Bg3 Qxa2 27. Re2 d5 28.
Rde1 Red8 29. Bh4 Ng5 30. Ng4 d4 31. Qg3 Rd5 32. cxd4 Bxd4+ 33. Kh1 Bg7 34. h3
Qa5 35. Rf1 Rf5 36. Rd1 Qc7 37. Qe1 Qb7 38. Kh2 Re8 39. Rd3 Rb5 40. Rg3 Qc7 41.
Qf1 f5 42. Rc2 Qb8 43. Nf2 Rb3 44. Nd3 Ne4 0-1

[Event "22nd European Teams"]
[Site "Batumi GEO"]
[Date "2019.11.01"]
[Round "8.2"]
[Board "2"]
[White "Bluebaum, Matthias"]
[Black "Kuzubov, Yuriy"]
[Result "1/2-1/2"]
[WhiteTitle "GM"]
[BlackTitle "GM"]
[WhiteElo "2643"]
[BlackElo "2636"]
[WhiteTeam "Germany"]
[BlackTeam "Ukraine"]
[WhiteFideId "24651516"]
[BlackFideId "14112906"]
[EventDate "2019.10.24"]

1. d4 Nf6 2. c4 e6 3. Nf3 d5 4. g3 Be7 5. Bg2 O-O 6. O-O dxc4 7. Qc2 b5 8. a4 b4
9. Nfd2 Nd5 10. Nxc4 c5 11. dxc5 Ba6 12. e4 Nf6 13. e5 Nd5 14. Nbd2 Bxc5 15. Ne4
Nd7 16. Nxc5 Nxc5 17. Rd1 b3 18. Qe2 Rb8 19. Rd4 Rb4 20. a5 Na4 21. Qd2 Rxc4 22.
Rxc4 Bxc4 23. Rxa4 Qc7 24. Qd4 Bd3 25. Ra1 Qc2 26. Bf3 a6 27. Bg5 Nc3 28. Rc1
Ne2+ 29. Bxe2 Qxe2 30. Qe3 Qxe3 31. Bxe3 Bc2 32. Bb6 Rc8 33. f3 Rc4 34. Ra1 h5
35. Be3 Kf8 36. Kf2 Ke7 37. Ke2 Kd7 38. Kd2 Kc6 39. Bb6 Kd5 40. Re1 Bf5 41. Rc1
Bc2 42. Re1 g5 43. Re3 g4 44. fxg4 hxg4 45. Rc3 Rxc3 46. Kxc3 Kxe5 47. Kd2 Ke4
48. Ba7 Kf3 49. Bd4 Be4 50. Bf6 Bc6 51. Bd4 f5 52. Be5 Kg2 53. Ke3 Kxh2 54. Kf2
Bd5 1/2-1/2

[Event "22nd European Teams"]
[Site "Batumi GEO"]
[Date "2019.11.01"]
[Round "8.2"]
[Board "3"]
[White "Volokitin, Andrei"]
[Black "Meier, Georg"]
[Result "1-0"]
[WhiteTitle "GM"]
[BlackTitle "GM"]
[WhiteElo "2627"]
[BlackElo "2628"]
[WhiteTeam "Ukraine"]
[BlackTeam "Germany"]
[WhiteFideId "14107090"]
[BlackFideId "4675789"]
[EventDate "2019.10.24"]

1. e4 e6 2. d4 d5 3. Nc3 dxe4 4. Nxe4 Nd7 5. Nf3 Ngf6 6. Nxf6+ Nxf6 7. Be3 Bd6
8. Bd3 O-O 9. Qe2 b6 10. O-O-O Bb7 11. Kb1 c5 12. Bg5 h6 13. Bh4 Rc8 14. Bb5 Be7
15. dxc5 Qc7 16. Ne5 Qxc5 17. Nd7 Nxd7 18. Bxe7 Qxe7 19. Rxd7 Qg5 20. f3 Rb8 21.
h4 Qf6 22. b3 Rfd8 23. Rhd1 Qxh4 24. Qe5 Ra8 25. R1d4 Qh1+ 26. Kb2 Rxd7 27. Bxd7
h5 28. Bxe6 fxe6 29. Qxe6+ Kh8 30. Qf7 Bc6 31. Rd6 Be8 32. Qb7 Qh2 33. Qxa8 Qe5+
34. Kc1 Qxd6 35. Qxe8+ Kh7 36. Qxh5+ Kg8 37. Qe8+ Kh7 38. Qe4+ Kh6 39. f4 Qc5
40. Kb2 b5 41. g4 1-0